O jménech motýlů v slovenských nářečích studie sémasiologická se zřetelem jazykově zeměpisným

Bibliographic Details
Main Author: Vážný, Václav, 1892-1966 (Author)
Format: Book
Language:Czech
PhysicalDescription:337 s. 20 10 máp v obale
Published: Bratislava Slovenská akadémia vied 1955
Subjects:

MARC

LEADER 00000cam a2200000 a 4500
001 vtls008404510
003 SK-MaSNL
005 20260301075632.0
008 230403q1955 xo f 001 0 cze
015 |a SNBA19451955-013286 
035 |a SK01SNKBKSFS20020096727 
035 |a CE1E8E1E-C96A-4512-8C90-F45AD03DF026 
035 |a urn:nbn:sk:snk-am00e40g 
035 |a urn:nbn:sk:snk-am3hymd 
035 |a 7C5638FA-0CD3-434C-A8F6-C77A2CFBD50A 
035 |a urn:nbn:sk:snk-am00ddmq 
035 |a SKM000099190 
040 |a SNK  |b slo  |c SNK  |e AACR2 
041 0 |a cze  |b rus 
044 |a xo  |c SK 
072 7 |a 59  |x Zoológia  |2 konspekt 
080 |a 595.78  |2 2011 
080 |a 81'282  |2 2011 
080 |a (048.8)  |2 2011 
100 1 |a Vážný, Václav,  |d 1892-1966  |4 aut  |9 176118 
245 1 0 |a O jménech motýlů v slovenských nářečích  |b studie sémasiologická se zřetelem jazykově zeměpisným  |c Václav Vážný 
260 |a Bratislava  |b Slovenská akadémia vied  |c 1955 
300 |a 337 s.  |c 20  |e 10 máp v obale 
366 |e 1000 kusov 
500 |a Dátum vydania v tiráži 1954 
504 |a Bibliografické odkazy ; registre 
546 |a Ruské resumé 
650 0 7 |a motýle  |2 SNKPH  |9 30304 
650 0 7 |a dialekty  |2 SNKPH  |9 19030 
650 0 7 |a Butterflies  |2 SNKPHeng  |9 328527 
650 0 7 |a Dialects  |2 SNKPHeng  |9 277811 
655 7 |a štúdie  |2 SNKPH  |9 57033 
655 7 |a Studies  |2 SNKPHeng  |9 265573 
852 |a Slovenská národná knižnica 
954 |a odborná, vedecká literatúra cudzojazyčná (svetová)  |2 lita 
958 |a RK 
958 |a TL 
958 |a NB 
958 |a OND 
958 |a EUIPO 
999 |c 650855  |d 652785 
952 |a SNK  |b SNK  |y VYP  |7 0  |p 17A0151761  |o snkSC 8098 D1  |i snkKSK 1088/57  |8 3  |0 0  |1 0  |4 0  |d 1998-07-20  |l 0  |r 2005-01-02 00:00:00  |w 2026-02-23 
952 |a SNK  |b SNK  |y PREZ  |7 0  |p 17A0781163  |o snkSC 8098/1  |i snkKSK 1009/56  |8 3  |0 0  |1 0  |4 0  |d 2012-03-12  |f 1  |l 0  |r 2025-07-04 00:00:00  |w 2026-02-23 
952 |a SNK  |b SNK  |y PREZ  |7 0  |p 17A0781063  |o snkSC 8098/príl.  |i snkKSK 1010/56  |8 3  |0 0  |1 0  |4 0  |d 2012-03-12  |f 1  |l 0  |r 2025-07-04 00:00:00  |w 2026-02-23 
952 |t Príloha: 10 kusov  |a SNK  |b SNK  |y PREZ  |7 0  |p 17A0151743  |o snkSC 8098/príl. D1  |i snkKSK 1088/57  |8 3  |3 Príloha obsahuje: 10 ks. máp  |z Príloha obsahuje: 10 ks. máp  |0 0  |1 0  |4 0  |d 1998-07-20  |l 0  |r 2005-01-02 00:00:00  |w 2026-02-23